000 00663nam a2200253 a 4500
003 AR-BaBNM
005 20251128203226.0
008 082120s2002 ||||||||||||||000 | spa||
040 _cAR-BaBNM
100 1 _aVacarezza, Alberto
245 0 0 _aCantos de la vida y de la tierra
260 _aBuenos Aires
_bJuvencia
_c1944
300 _a111 p.
650 4 _aLITERATURA ARGENTINA
650 4 _aCOSTUMBRES Y TRADICIONES
650 4 _aPOESIA
650 4 _aLITERATURA POPULAR
650 4 _aLITERATURA FOLKLORICA
653 _aLITERATURA GAUCHESCA
655 _aLITERATURA
700 1 _aBudano Roig, Antonio
_eprologuista
942 _cBK
998 _cMARTIN
999 _c2473
_d2473